Southville International School and Colleges
Your cart is empty.
  • Cart
  • Lists
    Public lists Eva Luna New books Lux_list list_1
    Your lists Log in to create your own lists
  • Log in to your account
  • Your cookies
  • Search history
Southville International School and Colleges
  • Advanced search
  • Recent comments
  • Most popular
  • Libraries

Log in to your account

Log in with GOOGLE


If you do not have an external account, but do have a local account, you can still log in:

  1. Home
  2. MARC view: The inerrancy and reliability of the biblical scriptures through historical truths
Normal view MARC view ISBD view

The inerrancy and reliability of the biblical scriptures through historical truths (Record no. 290433)

[ view plain ]
MARC details
000 -LEADER
fixed length control field 00726nam a22001937a 4500
003 - CONTROL NUMBER IDENTIFIER
control field 0
005 - DATE AND TIME OF LATEST TRANSACTION
control field 20250116124540.0
008 - FIXED-LENGTH DATA ELEMENTS--GENERAL INFORMATION
fixed length control field 160118b xxu||||| |||| 00| 0 eng d
050 ## - LIBRARY OF CONGRESS CALL NUMBER
Classification number PHS BS 535
Item number .M379 2015
100 ## - MAIN ENTRY--PERSONAL NAME
Personal name Martin, Alexandra C.
245 ## - TITLE STATEMENT
Title The inerrancy and reliability of the biblical scriptures through historical truths
Statement of responsibility, etc Alexandra C. Martin
260 ## - PUBLICATION, DISTRIBUTION, ETC. (IMPRINT)
Place of publication, distribution, etc Las Piñas, Philippines :
Name of publisher, distributor, etc Southville International School and Colleges,
Date of publication, distribution, etc 2015.
300 ## - PHYSICAL DESCRIPTION
Extent iii, 58 p. :
Other physical details ill. ;
Dimensions 28 cm.
504 ## - BIBLIOGRAPHY, ETC. NOTE
Bibliography, etc Includes bibliographical references.
650 ## - SUBJECT ADDED ENTRY--TOPICAL TERM
Topical term or geographic name as entry element Bible
Form subdivision Evidences, authority, and reliability.
650 ## - SUBJECT ADDED ENTRY--TOPICAL TERM
Topical term or geographic name as entry element Biblical studies
Form subdivision Historical truths.
650 ## - SUBJECT ADDED ENTRY--TOPICAL TERM
Topical term or geographic name as entry element Inerrancy of the Bible.
942 ## - ADDED ENTRY ELEMENTS (KOHA)
Source of classification or shelving scheme Library of Congress Classification
Koha item type PASS
Holdings
Withdrawn status Lost status Source of classification or shelving scheme Damaged status Home library Current library Shelving location Date acquired Source of acquisition Total Checkouts Full call number Barcode Date last seen Price effective from Koha item type
    Library of Congress Classification   Luxembourg Library Luxembourg Library Portfolio Assessment of SISC Students Section 01/18/2016 Donation   PHS BS 535 .M379 2015 P3514 11/27/2019 01/18/2016 PASS

The inerrancy and reliability of the biblical scriptures through historical truths

APA

Martin, . (2015). The inerrancy and reliability of the biblical scriptures through historical truths. Las Piñas, Philippines: Southville International School and Colleges.

Chicago

Martin, . 2015. The inerrancy and reliability of the biblical scriptures through historical truths. Las Piñas, Philippines: Southville International School and Colleges.

Harvard

Martin, . (2015). The inerrancy and reliability of the biblical scriptures through historical truths. Las Piñas, Philippines: Southville International School and Colleges.

MLA

Martin, . The inerrancy and reliability of the biblical scriptures through historical truths. Las Piñas, Philippines: Southville International School and Colleges. 2015.

  • Print
  • Cite
  • Add to your cart (remove)
  • Save record
    BIBTEX Dublin Core MARCXML MARC (non-Unicode/MARC-8) MARC (Unicode/UTF-8) MARC (Unicode/UTF-8, Standard) MODS (XML) RIS
  • More searches
    Search for this title in:
    Other Libraries (WorldCat) Other Databases (Google Scholar) Online Stores (Bookfinder.com) Open Library (openlibrary.org)

Exporting to Dublin Core...

SOUTHVILLE LIBRARY

Southville International School and Colleges Library

1281 Tropical Ave. Cor. Luxembourg St., BF Homes International, Las Pinas City

Tel. No. 8256374 / 252358 Loc. 117/146

Powered by Koha